000 00614nam a2200181Ia 4500
008 100920s9999 xx 000 0 und d
082 _b95482
_a891.43 0
100 _aचेेेस जेम्स हॅडली.
245 _aपथ्थर की अंगूठी.
260 _bदुर्गा पॉकेट बुक्स दिल्ली.
_c0
300 _a254
_bसाधी
365 _b20
520 _aहिंदी.
630 _aपथ्थर की अंगूठी.
650 _aहिंदी.
730 _aपथ्थर की अंगूठी.
942 _cBOOK
999 _c735924
_d735921